Kinh tế Mỹ Lí thuyết chính sách đổi mới và thực tiễn
Tình hình khủng hoảng kinh tế do hiệu quả của các chính sách kinh tế cũ đã suy giảm. Những cơ sở lý luận của sự đổi mới chính sách kinh tế Mỹ là lý thuyết Keynes, chủ nghĩa trọng cung, chủ nghĩa tiền tệ và lý thuyết kỳ vọng hợp lý. Những...
Đã lưu trong:
| 主要作者: | |
|---|---|
| 格式: | 图书 |
| 语言: | Undetermined |
| 出版: |
Hà Nội
Thống Kê
1993
|
| 标签: |
添加标签
没有标签, 成为第一个标记此记录!
|
| Thư viện lưu trữ: | Trung tâm Học liệu Trường Đại học Cần Thơ |
|---|
| LEADER | 01285nam a2200205Ia 4500 | ||
|---|---|---|---|
| 001 | CTU_23695 | ||
| 008 | 210402s9999 xx 000 0 und d | ||
| 020 | |c 16000 | ||
| 082 | |a 330.0973 | ||
| 082 | |b B312 | ||
| 100 | |a Ngô, Xuân Bình | ||
| 245 | 0 | |a Kinh tế Mỹ | |
| 245 | 0 | |b Lí thuyết chính sách đổi mới và thực tiễn | |
| 245 | 0 | |c Ngô Xuân Bình | |
| 260 | |a Hà Nội | ||
| 260 | |b Thống Kê | ||
| 260 | |c 1993 | ||
| 520 | |a Tình hình khủng hoảng kinh tế do hiệu quả của các chính sách kinh tế cũ đã suy giảm. Những cơ sở lý luận của sự đổi mới chính sách kinh tế Mỹ là lý thuyết Keynes, chủ nghĩa trọng cung, chủ nghĩa tiền tệ và lý thuyết kỳ vọng hợp lý. Những nội dung cơ bản của việc đổi mới chính sách kinh tế Mỹ ở thập kỷ 80 như cải tổ cơ cấu kinh tế, tài chính, ổn định tiền tệ và củng cố vị trí của Mỹ trong kinh tế đối ngoại. Kết quả thực tiễn của các chính sách mới | ||
| 904 | |i Trọng Hiếu | ||
| 980 | |a Trung tâm Học liệu Trường Đại học Cần Thơ | ||